000 00887nam a2200265 a 4500
003 OSt
005 20140210110639.0
008 130704s1996 sz ||||| |||| 00| 0 spa d
020 _a92 4 320862 4
040 _cBiblioteca Medicina
041 _aspa
082 _aOMS IT 862
110 _aOrganizacion Mundial de la Salud
_91006
245 0 0 _aControl de la hipertension.
_bInforme de un Comite de Expertos de la OMS
250 _a1° ed.
260 _aGinebra
_bOrganizacion Mundial de la Salud
_c1996
300 _a99 p.
440 0 0 _aInformes Tecnicos
_n862
_92499
653 _aHIPERTENSION-PREVENCION Y CONTROL
653 _aHIPERTENSION-TERAPIA
653 _aHIPERTENSION-EPIDEMIOLOGIA
653 _aFACTORES DE RIESGO
942 _2ddc
_cPH
952 _w2013-07-04
_pH0084
_r2013-07-04
_40
_00
_bBFM
_10
_oOMS IT 862
_d2013-07-04
_tEj. 1
_8NFIC
_70
_cCR
_2ddc
_yPH
_aBFM
999 _c1565
_d1565